| 000 | 00508nam a2200181Ia 4500 | ||
|---|---|---|---|
| 005 | 20250508150827.0 | ||
| 008 | 008 250505s9999 xx 000 0 eng d | ||
| 037 | _aTextual | ||
| 040 |
_aFEDL _beng _cFEDL |
||
| 041 |
_aeng _2eng |
||
| 084 |
_a370.709 548 2, MAD _qFEDL |
||
| 245 | 0 | _aSilver jubilee souvenir : South India teachers' Union Madras | |
| 260 | _c1933 | ||
| 300 | _axii,153p | ||
| 650 | _aEducation | ||
| 942 |
_cTEXL _h370.709 548 2, MAD |
||
| 999 |
_c1325907 _d1325907 |
||